00563cam a22001694a 4500008004100000020002200041100002500063245008200088260005200170300003600222500002000258650003700278650005100315003000100366005001700367040000900384  a1558607013 (pbk.)1 aDominus, Mark Jason.10aHigher-order Perl :ba guide to program transformation /cMark Jason Dominus. aAmsterdam :bMorgan Kaufmann Publishers,c2005. axviii, 582 p. ;bill. ;c24 cm. aIncludes index. 0aPerl (Computer program language) 0aObject-oriented programming (Computer science)20230123134513.0 cNUST